Statistics for Cities by Skyline

Click here to take the quiz!

General Stats

  • This quiz has been taken 26 times
  • The average score is 8 of 16

Answer Stats

Answer% Correct
Sydney
100%
New York
96%
Shanghai
78%
Dubai
70%
London
65%
Pyongyang
52%
Cairo
48%
Sao Paulo
43%
Seoul
43%
Doha
39%
Singapore
39%
Mumbai
35%
Moscow
30%
Panama City
30%
Auckland
22%
Tel Aviv
13%

Score Distribution

Percentile by Number Answered

Percent of People with Each Score

Your Score History

You have not taken this quiz